| 000 | 00655nam a22002057a 4500 | ||
|---|---|---|---|
| 003 | koha_MIRAKIL | ||
| 005 | 20241007104903.0 | ||
| 008 | 231213b |||||||| |||| 00| 0 ||| d | ||
| 020 | _a9789759917128 | ||
| 040 |
_aTR-IsEVY _btur _cTR-IsEVY |
||
| 082 | _aFIC FRE/P | ||
| 100 | _aFrench, Vivian | ||
| 245 | 0 |
_aPrenses Okulu Yakut Köşkler'de: _bPrenses Jessica ve en iyi arkadaş bileziği/ _cVivian French ; resimleyen Sarah Gibb |
|
| 250 | _a12. bs. | ||
| 260 |
_bDoğan Egmont, _c2017. _aİstanbul : |
||
| 300 |
_a76 s. _bresimli. _c20 cm. |
||
| 490 | 0 | _aPrenses Okulu ; 14. | |
| 650 |
_aÇocuk Edebiyatı. _vÇocuk Hikayeleri. |
||
| 942 |
_2ddc _cBK |
||
| 999 |
_c20584 _d20584 |
||